| 000 | 00403nam a22001577a 4500 | ||
|---|---|---|---|
| 082 |
_aS 294.5924 _bJAT/P |
||
| 100 | _aJatindra Mohan Chatterjee | ||
| 245 |
_aPancadasi Gita/ _cby Jatindra Mohan Chatterjee |
||
| 260 |
_aCalcutta: _bJatindra Mohan Chatterjee, _c |
||
| 300 | _a163p. | ||
| 650 | _aBhagavadgita | ||
| 650 | _aVedic Literature | ||
| 650 | _aHinduism | ||
| 650 | _aReligion | ||
| 942 | _cBK | ||
| 999 |
_c57447 _d57447 |
||